000 01069nam a22003497a 4500
001 BR2016003250
003 BR-BrBNA
005 20230928104930.0
007 ta
008 230509b bl.||||| |||| 00| 0 por d
040 _aBR-BrBNA
_bpor
_cBiblioteca Nacional de Agricultura
041 _a(Por)
072 _aF61
_b2480
_b3820
_b3840
090 _ 2480 BR2016003250
100 1 _aCarvalho, P.A. de
110 1 _aUniversidade Federal de Lavras, MG (Brasil)
_0Tese (Doutorado)
245 1 _aMetabolismo do nitrogênio e carbono em plantas de seringueira submetidas à hipoxia e diferentes fontes de nitrogênio
260 3 _aLavras, MG (Brasil):
_c2015.
300 _a167 p.
500 _aSummaries (Eng, Por); Several bibliography; 23 illus.; 11 tables
650 _aSERINGUEIRA
650 _aNITROGÊNIO
650 _aANOXIA
650 _aFISIOLOGIA VEGETAL
650 _aABSORÇÃO DE NUTRIENTES
650 _aCARBONO
650 _aNITRATO
650 _aAMÔNIA
650 _aOXIGÊNIO
909 _a202309
_bLucia
_c55
_dLucia Elande
942 _cBK
999 _c82507
_d82507